• 首页
  • 本馆介绍
  • 公告通知
  • 最新文献
  • 馆藏检索
  • 电子资源
  • 读者导购
  • 参考咨询
  • 我的图书馆
  • 登录
  • 详细信息显示
  • 放入我的书架
  • 预约/预借图书
  • 作者相关作品
  • 分类相关作品
  • 丛书相关作品
  • 出版社相关作品

书目信息

  • 表格格式
  • 工作单格式
  • 卡片格式
题名:
怀特海
    
 
作者: 罗斯 著 ;李超杰 译
分册:  
出版信息: 北京   清华大学出版社  2019
页数: 15,140页
开本: 21cm
丛书名: 伟大的思想家
单 册:
中图分类: B561.52
科图分类:
主题词:
电子资源:
ISBN: 978-7-302-52549-3
000 01139oam2 2200301 450
001 2157994392
005 20211011172911.0
010    @a978-7-302-52549-3@b精装@dCNY35.00
100    @a20190717d2019 em y0chiy50 ea
101 1  @achi@ceng
102    @aCN@b110000
105    @aa z 000yd
106    @ar
200 1  @a怀特海@Ahuai te hai@dOn Whitehead@f(美)菲利浦·罗斯(Philip Ross)著@g李超杰译@zeng
210    @a北京@c清华大学出版社@d2019
215    @a15,140页@c图@d21cm
225 2  @a伟大的思想家@Awei da de si xiang jia@f张世英,赵敦华主编
300    @a悦·读人生/哲学
305    @a由圣智学习出版公司授权出版
330    @a本书对“形而上学”、“先验客观主义”、“时间与实在”、“现实事态”、“宇宙论”以及“自由”等,进行细致、深入地论述,帮助读者全面认识怀特海的思想世界。
461  0 @12001 @a伟大的思想家
510 1  @aOn Whitehead@zeng
600  0 @a怀特海@Ahuai te hai@c(Whitehead, Alfred North@f1861-1947)@x哲学思想@x思想评论
690    @aB561.52@v5
701  0 @c(美)@a罗斯@Aluo si@c(Ross, Philip)@4著
702  0 @a李超杰@Ali chao jie@4译
801  0 @aCN@b百万庄@c20211007
905    @b1306109-112@dB561.52@e74@f4
    
    怀特海=On Whitehead/(美)菲利浦·罗斯(Philip Ross)著/李超杰译.-北京:清华大学出版社,2019
    15,140页:图;21cm.-(伟大的思想家/张世英,赵敦华主编)
    悦·读人生/哲学
    
    ISBN 978-7-302-52549-3(精装):CNY35.00
    本书对“形而上学”、“先验客观主义”、“时间与实在”、“现实事态”、“宇宙论”以及“自由”等,进行细致、深入地论述,帮助读者全面认识怀特海的思想世界。
●
相关链接 在E读中查询图书 在五车中查询图书 在当当中查询图书 在豆瓣中查询图书


正题名:怀特海     索取号:B561.52/74         预约/预借

序号 登录号 条形码 馆藏地/架位号 状态 备注
1 1306109   213061096   第一样本阅览室/ [索取号:B561.52/74] 在馆    
2 1306110   213061103   第一借阅区/ [索取号:B561.52/74] 在馆    
3 1306111   213061112   第一借阅区/ [索取号:B561.52/74] 在馆    
4 1306112   213061121   第一借阅区/ [索取号:B561.52/74] 在馆    
唐山师范学院图书馆 欢迎您!
大连网信软件有限公司© 版权所有